Back to the sea : (Record no. 7285)
[ view plain ]
| 000 -LEADER | |
|---|---|
| fixed length control field | 00803nam a22002657a 4500 |
| 001 - CONTROL NUMBER | |
| control field | 7285 |
| 003 - CONTROL NUMBER IDENTIFIER | |
| control field | FISKH |
| 005 - DATE AND TIME OF LATEST TRANSACTION | |
| control field | 20250807160544.0 |
| 008 - FIXED-LENGTH DATA ELEMENTS--GENERAL INFORMATION | |
| fixed length control field | 250708b cb ||||| |||| 00| 0 eng d |
| 020 ## - INTERNATIONAL STANDARD BOOK NUMBER | |
| International Standard Book Number | 9781595152657 |
| 040 ## - CATALOGING SOURCE | |
| Original cataloging agency | FISKH |
| Language of cataloging | eng |
| Transcribing agency | FISKH |
| Modifying agency | FISKH |
| 050 ## - LIBRARY OF CONGRESS CALL NUMBER | |
| Classification number | GC21.5 .W45 |
| 082 ## - DEWEY DECIMAL CLASSIFICATION NUMBER | |
| Classification number | 551.48 |
| 100 ## - MAIN ENTRY--PERSONAL NAME | |
| Personal name | Whitehouse, Patricia |
| 245 ## - TITLE STATEMENT | |
| Title | Back to the sea : |
| Remainder of title | Readers for writers / |
| Statement of responsibility, etc. | Patricia Whitehouse |
| 260 ## - PUBLICATION, DISTRIBUTION, ETC. | |
| Place of publication, distribution, etc. | Minnesota : |
| Name of publisher, distributor, etc. | Rourke Publishing, |
| Date of publication, distribution, etc. | 2004. |
| 300 ## - PHYSICAL DESCRIPTION | |
| Extent | 16 pages : |
| Other physical details | color illustrations ; |
| Dimensions | 20 cm |
| 505 ## - FORMATTED CONTENTS NOTE | |
| Formatted contents note | N<br/> |
| 520 ## - SUMMARY, ETC. | |
| Summary, etc. | Describes the water cycle and the constant motion of water. |
| 521 8# - TARGET AUDIENCE NOTE | |
| Target audience note | 590<br/> |
| Source | Lexile <br/> |
| 521 8# - TARGET AUDIENCE NOTE | |
| Target audience note | N<br/> |
| Source | Raz-Plus<br/> |
| 650 ## - SUBJECT ADDED ENTRY--TOPICAL TERM | |
| Topical term or geographic name entry element | Bodies of water |
| Form subdivision | Earth Science |
| General subdivision | Physical science |
| 942 ## - ADDED ENTRY ELEMENTS (KOHA) | |
| Source of classification or shelving scheme | Dewey Decimal Classification |
| Koha item type | Books |
| Suppress in OPAC | No |
| Withdrawn status | Lost status | Source of classification or shelving scheme | Damaged status | Not for loan | Collection | Home library | Current library | Shelving location | Date acquired | Total Checkouts | Full call number | Barcode | Date last seen | Copy number | Price effective from | Koha item type | Date last checked out |
|---|---|---|---|---|---|---|---|---|---|---|---|---|---|---|---|---|---|
| Dewey Decimal Classification | Non-Fiction | Footprints International School Library Network Toul Kork Campus | Footprints International School Library Network Toul Kork Campus | TK Primary Library Room(4th Floor), Bookcase 3&4, Shelves 17-32, Yellow Books | 07/08/2025 | WHI 551.48 GC21.5 .W45 | FISTK02089 | 07/08/2025 | 1 | 07/08/2025 | Books | ||||||
| Dewey Decimal Classification | Non-Fiction | Footprints International School Library Network Toul Tom Poung Campus | Footprints International School Library Network Toul Tom Poung Campus | TTP Primary Yellow Bookshelves | 08/07/2025 | 1 | WHI 551.48 GC21.5 .W45 | FIS03101 | 03/27/2026 | 2 | 08/07/2025 | Books | 03/20/2026 |
